[Event "Piraeus GM 01"]
[Site "Piraeus"]
[Date "2024.01.11"]
[Round "9"]
[White "Kapnisis, Spyridon"]
[Black "Spyropoulos, Nikolaos"]
[Result "1/2-1/2"]
[WhiteElo "2431"]
[BlackElo "2445"]
[PlyCount "21"]
[EventDate "2024.01.03"]
[EventType "tourn"]
[EventRounds "9"]
[EventCountry "GRE"]
[EventCategory "7"]
[SourceTitle "CB03_2024"]
[SourceDate "2024.01.17"]
[SourceVersion "1"]
[SourceVersionDate "2024.01.17"]
[SourceQuality "1"]

1. e4 e6 2. d4 d5 3. Nd2 dxe4 4. Nxe4 Nd7 5. Nf3 Ngf6 6. Bg5 Be7 7. Nxf6+ Nxf6 8. Bd3 h6 9. Bd2 c5 10. dxc5 Bxc5 11. Qe2 1/2-1/2

[Event "Piraeus GM 01"]
[Site "Piraeus"]
[Date "2024.01.08"]
[Round "6"]
[White "Spyropoulos, Nikolaos"]
[Black "Jaiveer, Mahendru"]
[Result "0-1"]
[WhiteElo "2445"]
[BlackElo "2294"]
[PlyCount "88"]
[EventDate "2024.01.03"]
[EventType "tourn"]
[EventRounds "9"]
[EventCountry "GRE"]
[EventCategory "7"]
[SourceTitle "CB03_2024"]
[SourceDate "2024.01.17"]
[SourceVersion "1"]
[SourceVersionDate "2024.01.17"]
[SourceQuality "1"]

1. Nf3 Nf6 2. g3 b6 3. Bg2 Bb7 4. 0-0 g6 5. c4 Bg7 6. d4 0-0 7. Nc3 Ne4 8. Nxe4 Bxe4 9. d5 d6 10. Nh4 Bxg2 11. Nxg2 c5 12. dxc6 Nxc6 13. Rb1 Qc8 14. b3 b5 15. cxb5 Qf5 16. Bb2 Qxb5 17. Bxg7 Kxg7 18. b4 Rfc8 19. a4 Qc4 20. b5 Ne5 21. Nf4 Qe4 22. Nd3 Nxd3 23. exd3 Qf5 24. Qb3 Rc5 25. a5 Rb8 26. b6 Rxa5 27. b7 Rc5 28. Qa4 a5 29. Rb3 Qh3 30. Rb2 Rh5 31. f4 Rxb7 32. Qd4+ f6 33. Re1 Qd7 34. Rbe2 e5 35. Qf2 exf4 36. Re7+ Qxe7 37. Rxe7+ Rxe7 38. Qxf4 Re1+ 39. Kg2 Re2+ 40. Kg1 Re1+ 41. Kg2 Re2+ 42. Kg1 Rb5 43. Qc1 Rbb2 44. Qc7+ Kh6 0-1

[Event "Piraeus IM 12"]
[Site "Piraeus"]
[Date "2023.12.14"]
[Round "1"]
[White "Fodor, Balazs"]
[Black "Spyropoulos, Nikolaos"]
[Result "0-1"]
[WhiteElo "2225"]
[BlackElo "2438"]
[PlyCount "146"]
[EventDate "2023.12.14"]
[EventType "tourn"]
[EventRounds "9"]
[EventCountry "GRE"]
[EventCategory "2"]
[SourceTitle "CB52_2023"]
[SourceDate "2023.12.27"]
[SourceVersion "1"]
[SourceVersionDate "2023.12.27"]
[SourceQuality "1"]

1. d4 Nf6 2. c4 e6 3. Nc3 Bb4 4. e3 0-0 5. Bd2 b6 6. Nf3 Bb7 7. Bd3 d6 8. Rc1 Nbd7 9. 0-0 a5 10. a3 Bxc3 11. Bxc3 Qe7 12. b4 e5 13. Bb1 axb4 14. axb4 e4 15. Nd2 b5 16. c5 Bd5 17. Qe2 c6 18. f4 h5 19. g3 g6 20. Qg2 Ng4 21. Rfe1 f5 22. Bc2 Ra2 23. Bd1 Rfa8 24. h3 Ngf6 25. g4 hxg4 26. hxg4 Nxg4 27. Bxg4 fxg4 28. Qxg4 Kf7 29. Re2 Nf6 30. Qg5 Qe6 31. Rg2 Qf5 32. Rf1 Rh8 33. Ra1 Rxa1+ 34. Bxa1 Qxg5 35. fxg5 Nd7 36. Bc3 Ke6 37. Rg4 Rh3 38. Kf2 Rh2+ 39. Kg1 Re2 40. Rg3 Re1+ 41. Nf1 Rc1 42. Bd2 Rb1 43. Kf2 dxc5 44. bxc5 Bc4 45. Nh2 b4 46. Rg4 Bd3 47. Bxb4 Rxb4 48. Rf4 Rb8 49. Ng4 Rf8 50. Rxf8 Nxf8 51. Ne5 Kd5 52. Kg3 Be2 53. Kh4 Bh5 54. Nf7 Ne6 55. Kg3 Nxd4 56. exd4 Kxd4 57. Kf2 e3+ 58. Ke1 Kxc5 59. Ne5 Kd5 60. Nd7 Ke6 61. Nc5+ Kf5 62. Nb3 Ke5 63. Nc5 Kd5 64. Nd3 c5 65. Nf4+ Ke5 66. Nd3+ Kd6 67. Nf4 c4 68. Ng2 e2 69. Ne3 c3 70. Ng2 Ke5 71. Ne3 Kd4 72. Nc2+ Kd3 73. Nb4+ Kc4 0-1

[Event "GRE-chT 50th"]
[Site "Nikaia"]
[Date "2023.08.29"]
[Round "6.3"]
[White "Hrisomalis, Theodoros"]
[Black "Spyropoulos, Nikolaos"]
[Result "1/2-1/2"]
[WhiteElo "2125"]
[BlackElo "2432"]
[PlyCount "124"]
[EventDate "2023.08.25"]
[EventType "team"]
[EventRounds "9"]
[EventCountry "GRE"]
[SourceTitle "EXT 2024"]
[Source "ChessBase"]
[SourceDate "2023.10.10"]
[SourceVersion "1"]
[SourceVersionDate "2023.10.10"]
[SourceQuality "1"]
[WhiteTeam "Pneemathlon"]
[BlackTeam "Evoiki ES"]
[WhiteTeamCountry "GRE"]
[BlackTeamCountry "GRE"]

1. d4 Nf6 2. Nf3 e6 3. Bf4 c5 4. e3 d5 5. c3 Nc6 6. Nbd2 Bd6 7. Bg3 0-0 8. Bd3 b6 9. 0-0 Bb7 10. Re1 Bxg3 11. hxg3 Rc8 12. Qe2 Qe7 13. Ne5 Nxe5 14. dxe5 Ne4 15. Bxe4 dxe4 16. Qg4 f5 17. exf6 Qxf6 18. Re2 Ba6 19. c4 Qxb2 20. Rae1 Qe5 21. Nxe4 Bxc4 22. Rd2 Bd5 23. Ng5 h6 24. f4 Qf5 25. Qxf5 exf5 26. Rxd5 hxg5 27. g4 gxf4 28. gxf5 fxe3 29. Rxe3 c4 30. Rc3 Rfe8 31. Rd7 Rf8 32. Rd5 Kf7 33. Rd7+ Kf6 34. Rxa7 Rf7 35. Ra4 Rfc7 36. Rb4 Rc6 37. Rb5 Re8 38. a4 Re5 39. Rb4 Rec5 40. Kf2 Kxf5 41. Ke3 Ke5 42. Kd2 Rd6+ 43. Kc2 Rg6 44. Rcxc4 Rxg2+ 45. Kd3 Rxc4 46. Rxc4 Rg6 47. Rb4 Re6 48. Ke3 Kd5+ 49. Kd3 Ke5 50. Ke3 Kd5+ 51. Kd3 Kc6 52. Rg4 g6 53. Rg5 Rd6+ 54. Ke4 Re6+ 55. Kd4 Rd6+ 56. Ke4 Rf6 57. Kd4 Kd7 58. a5 bxa5 59. Rxa5 Re6 60. Re5 Kd6 61. Rxe6+ Kxe6 62. Ke4 Kf6 1/2-1/2

[Event "GRE CupT final 41st"]
[Site "Peristeri"]
[Date "2023.08.23"]
[Round "1.4"]
[White "Kasioumis, Vasilios"]
[Black "Spyropoulos, Nikolaos"]
[Result "0-1"]
[WhiteElo "2347"]
[BlackElo "2432"]
[PlyCount "76"]
[EventDate "2023.08.23"]
[EventType "team"]
[EventRounds "5"]
[EventCountry "GRE"]
[SourceTitle "CBM 215 Extra"]
[Source "ChessBase"]
[SourceDate "2023.09.30"]
[SourceVersion "1"]
[SourceVersionDate "2023.09.30"]
[SourceQuality "1"]
[WhiteTeam "Piraikos"]
[BlackTeam "Evoiki ES"]
[WhiteTeamCountry "GRE"]
[BlackTeamCountry "GRE"]

1. e4 e5 2. Nf3 Nc6 3. Bc4 Nf6 4. d3 Bc5 5. Nc3 d6 6. Na4 Bb4+ 7. c3 Ba5 8. b4 Bb6 9. h3 h6 10. 0-0 0-0 11. Re1 Re8 12. Qb3 Be6 13. Bxe6 Rxe6 14. Bb2 Nh5 15. Nxb6 axb6 16. g3 Qd7 17. Nh4 Ne7 18. Qd1 Nf6 19. c4 Ng6 20. Ng2 Ree8 21. Kh2 b5 22. a3 c5 23. Qb3 cxb4 24. axb4 Qe6 25. Ne3 Rxa1 26. Rd1 Rb1 27. Rxb1 Rc8 28. Rc1 bxc4 29. Rxc4 Rd8 30. Qc2 d5 31. Rc5 Rd7 32. f3 Kh7 33. Bc1 Ne7 34. b5 dxe4 35. dxe4 Ng6 36. Nf5 Ne7 37. Ne3 Ng6 38. Bb2 Qb6 0-1

[Event "Kavala op 32nd"]
[Site "Kavala"]
[Date "2023.07.29"]
[Round "2"]
[White "Spyropoulos, Nikolaos"]
[Black "Santryan, Davit"]
[Result "1-0"]
[WhiteElo "2432"]
[BlackElo "2196"]
[PlyCount "49"]
[EventDate "2023.07.28"]
[EventType "swiss"]
[EventRounds "9"]
[EventCountry "GRE"]
[SourceTitle "CBM 215 Extra"]
[Source "ChessBase"]
[SourceDate "2023.09.30"]
[SourceVersion "1"]
[SourceVersionDate "2023.09.30"]
[SourceQuality "1"]

1. e4 e5 2. Nf3 Nc6 3. Bc4 Bc5 4. 0-0 Nf6 5. d3 d6 6. c3 h6 7. a4 a6 8. Re1 0-0 9. h3 Ba7 10. Nbd2 Ne7 11. Nf1 c6 12. Ba2 b5 13. Nh4 Be6 14. Ng3 Qd7 15. Qf3 Bxa2 16. Rxa2 Qe6 17. Ra3 Kh7 18. Bd2 Bb6 19. Rea1 Rab8 20. axb5 axb5 21. Ra6 g6 22. Bxh6 Bxf2+ 23. Qxf2 Kxh6 24. Ra7 Nh7 25. Rxe7 1-0

[Event "Paleochora op 16th"]
[Site "Paleochora"]
[Date "2023.07.25"]
[Round "8"]
[White "Kouskoutis, Georgios Alexandros"]
[Black "Spyropoulos, Nikolaos"]
[Result "0-1"]
[WhiteElo "2276"]
[BlackElo "2428"]
[PlyCount "152"]
[EventDate "2023.07.19"]
[EventType "swiss"]
[EventRounds "9"]
[EventCountry "GRE"]
[SourceTitle "EXT 2024"]
[Source "ChessBase"]
[SourceDate "2023.10.10"]
[SourceVersion "1"]
[SourceVersionDate "2023.10.10"]
[SourceQuality "1"]

1. c4 e6 2. Nf3 Nf6 3. b3 d5 4. Bb2 Nbd7 5. Nc3 b6 6. cxd5 exd5 7. e3 Bb7 8. Be2 a6 9. Qc2 Bd6 10. d4 0-0 11. 0-0-0 Rc8 12. Kb1 c5 13. dxc5 Nxc5 14. Qf5 Nce4 15. Nxe4 Nxe4 16. Rc1 Qe7 17. Rhf1 Rxc1+ 18. Rxc1 g6 19. Qh3 Nxf2 20. Qh6 f6 21. Nd4 Rc8 22. Rxc8+ Bxc8 23. Qh4 Qe4+ 24. Qxe4 Nxe4 25. h3 Kf7 26. Kc2 Bb7 27. Nf3 Bc5 28. Nd4 Ng5 29. a3 Ne6 30. Nxe6 Kxe6 31. Kd2 a5 32. Bf3 Ba6 33. Be2 Bb7 34. Bf3 h5 35. g4 h4 36. a4 Bb4+ 37. Kd1 Ba6 38. Be2 Bc8 39. Bd3 f5 40. gxf5+ gxf5 41. Ke2 Bd6 42. Bd4 Bc7 43. Kf3 Bd7 44. Ba6 Ke7 45. Kg2 Be8 46. Bb7 Bf7 47. Kf2 Kd7 48. Ba6 Bg3+ 49. Kg2 Kc7 50. Be2 Bg6 51. Bc3 Be8 52. Bf3 Kc6 53. b4 axb4 54. Bxb4 Bd6 55. Bc3 Bc5 56. Bd2 Kd6 57. Bd1 Bc6 58. Kf1 Be8 59. Bc2 Ke6 60. Kg2 Bh5 61. Kf1 Bf3 62. Bd3 Bd1 63. a5 bxa5 64. Bxa5 Bxe3 65. Bd8 f4 66. Bxh4 f3 67. Bf2 d4 68. h4 Bb3 69. h5 Ke5 70. Bg3+ Kf6 71. Bh4+ Kg7 72. Be4 Bc4+ 73. Ke1 Be2 74. Bf2 Kh6 75. Bg6 Kg5 76. Be8 Kf4 0-1

[Event "Paleochora op 16th"]
[Site "Paleochora"]
[Date "2023.07.24"]
[Round "7"]
[White "Spyropoulos, Nikolaos"]
[Black "Jobava, Baadur"]
[Result "0-1"]
[WhiteElo "2428"]
[BlackElo "2566"]
[PlyCount "80"]
[EventDate "2023.07.19"]
[EventType "swiss"]
[EventRounds "9"]
[EventCountry "GRE"]
[SourceTitle "EXT 2024"]
[Source "ChessBase"]
[SourceDate "2023.10.10"]
[SourceVersion "1"]
[SourceVersionDate "2023.10.10"]
[SourceQuality "1"]

1. e4 e5 2. Nf3 Nc6 3. Bc4 Nf6 4. d3 h6 5. 0-0 d6 6. c3 Be7 7. Re1 0-0 8. a4 Na5 9. Ba2 c5 10. Na3 Nc6 11. Bd2 Re8 12. h3 Bf8 13. Nc4 Be6 14. Ne3 Bxa2 15. Rxa2 d5 16. Qc2 Re6 17. Raa1 Rc8 18. exd5 Nxd5 19. Nc4 Qc7 20. Re2 g5 21. Qb3 Bg7 22. Rae1 Rd8 23. a5 Nde7 24. Qb5 Ng6 25. Qxc5 Rxd3 26. Bc1 Bf8 27. Qb5 a6 28. Qb3 Rxf3 29. gxf3 Nh4 30. Nd2 Qd7 31. Qc4 Nxa5 32. Qg4 Nc6 33. Rxe5 Rxe5 34. Qxd7 Rxe1+ 35. Kh2 Rxc1 36. f4 Rd1 37. Kg3 Bd6 38. Kg4 Bxf4 39. Qc8+ Kg7 40. Nc4 Ne7 0-1

[Event "Paleochora op 16th"]
[Site "Paleochora"]
[Date "2023.07.21"]
[Round "4"]
[White "Schmit, Vincent"]
[Black "Spyropoulos, Nikolaos"]
[Result "1/2-1/2"]
[WhiteElo "2174"]
[BlackElo "2428"]
[PlyCount "60"]
[EventDate "2023.07.19"]
[EventType "swiss"]
[EventRounds "9"]
[EventCountry "GRE"]
[SourceTitle "EXT 2024"]
[Source "ChessBase"]
[SourceDate "2023.10.10"]
[SourceVersion "1"]
[SourceVersionDate "2023.10.10"]
[SourceQuality "1"]

1. e4 e5 2. Nf3 Nc6 3. Bc4 Nf6 4. d3 Bc5 5. c3 0-0 6. 0-0 d6 7. Nbd2 a6 8. Bb3 Ba7 9. Re1 h6 10. Nf1 Ne7 11. h3 Ng6 12. Ng3 Re8 13. d4 c6 14. Qc2 Qc7 15. Nf5 Bxf5 16. exf5 Nf8 17. g4 e4 18. Nh2 d5 19. Be3 c5 20. dxc5 Bxc5 21. Rad1 Rad8 22. Qd2 Bd6 23. f4 exf3 24. Nxf3 N8d7 25. Qg2 Ne5 26. Kh1 Nxf3 27. Qxf3 Bc5 28. Bf4 Bd6 29. Be3 Bc5 30. Bf4 Bd6 1/2-1/2

[Event "EU-ch 23rd"]
[Site "Vrnjacka Banja"]
[Date "2023.03.10"]
[Round "8"]
[White "Shohat, Yotam"]
[Black "Spyropoulos, Nikolaos"]
[Result "1/2-1/2"]
[WhiteElo "2302"]
[BlackElo "2442"]
[PlyCount "59"]
[EventDate "2023.03.03"]
[EventType "swiss"]
[EventRounds "11"]
[EventCountry "SRB"]
[SourceTitle "CBM 213"]
[Source "ChessBase"]
[SourceDate "2023.04.30"]
[SourceVersion "1"]
[SourceVersionDate "2023.04.30"]
[SourceQuality "1"]

1. e4 e5 2. Nf3 Nc6 3. Bb5 g6 4. 0-0 Bg7 5. c3 a6 6. Ba4 Nge7 7. d4 exd4 8. cxd4 0-0 9. h3 d6 10. Nc3 b5 11. Bc2 Bb7 12. Re1 Na5 13. Bf4 Rc8 14. Bd3 h6 15. h4 Kh7 16. h5 Nc4 17. Bxc4 bxc4 18. hxg6+ Nxg6 19. Bh2 f5 20. d5 f4 21. Ne2 c5 22. dxc6 Bxc6 23. Ned4 Bd7 24. Qd2 Qf6 25. Rad1 Ne5 26. Nxe5 dxe5 27. Ne2 Rcd8 28. Qd6 a5 29. Qa3 Bg4 30. f3 1/2-1/2

[Event "EU-ch 23rd"]
[Site "Vrnjacka Banja"]
[Date "2023.03.09"]
[Round "7"]
[White "Spyropoulos, Nikolaos"]
[Black "Donchenko, Alexander"]
[Result "0-1"]
[WhiteElo "2442"]
[BlackElo "2653"]
[PlyCount "62"]
[EventDate "2023.03.03"]
[EventType "swiss"]
[EventRounds "11"]
[EventCountry "SRB"]
[SourceTitle "CBM 213"]
[Source "ChessBase"]
[SourceDate "2023.04.30"]
[SourceVersion "1"]
[SourceVersionDate "2023.04.30"]
[SourceQuality "1"]

1. e4 c5 2. Nf3 d6 3. d4 cxd4 4. Nxd4 Nf6 5. Nc3 a6 6. h3 g6 7. g4 Bg7 8. Bg2 Nc6 9. Be3 0-0 10. 0-0 h5 11. Nxc6 bxc6 12. e5 dxe5 13. Qxd8 Rxd8 14. Bxc6 Rb8 15. Rfd1 Rd6 16. Rxd6 exd6 17. g5 Nh7 18. Rd1 Bf8 19. Ne4 Bxh3 20. c4 Rxb2 21. Nxd6 Be7 22. c5 Nxg5 23. Bxg5 Bxg5 24. Bd5 Bh4 25. Nxf7 Kg7 26. Nxe5 Bxf2+ 27. Kh2 Bd4+ 28. Kxh3 Bxe5 29. Rh1 g5 30. Bf3 Kh6 31. c6 Rxa2 0-1

[Event "EU-ch 23rd"]
[Site "Vrnjacka Banja"]
[Date "2023.03.04"]
[Round "2"]
[White "Biyiksiz, Ali Batuhan"]
[Black "Spyropoulos, Nikolaos"]
[Result "0-1"]
[WhiteElo "1994"]
[BlackElo "2442"]
[PlyCount "68"]
[EventDate "2023.03.03"]
[EventType "swiss"]
[EventRounds "11"]
[EventCountry "SRB"]
[SourceTitle "CBM 213"]
[Source "ChessBase"]
[SourceDate "2023.04.30"]
[SourceVersion "1"]
[SourceVersionDate "2023.04.30"]
[SourceQuality "1"]

1. d4 Nf6 2. c4 e6 3. Nf3 Bb4+ 4. Nbd2 b6 5. a3 Bxd2+ 6. Bxd2 Bb7 7. g3 0-0 8. Bg2 d6 9. 0-0 Nbd7 10. b3 h6 11. Qc2 Be4 12. Qb2 Qe7 13. Bc3 d5 14. Rac1 dxc4 15. bxc4 c5 16. Rfd1 Rfd8 17. Ne5 Bxg2 18. Nxd7 Rxd7 19. Kxg2 Rad8 20. Rd3 Ne4 21. e3 Qg5 22. Rcd1 Qf5 23. f3 Ng5 24. Qe2 e5 25. g4 Qg6 26. h4 Nxf3 27. Qxf3 e4 28. Qf4 exd3 29. h5 Qg5 30. Qg3 cxd4 31. Bxd4 Rxd4 32. exd4 Rxd4 33. Kh3 f5 34. Rxd3 Qxg4+ 0-1

[Event "Titled Tuesday intern op 06th Dec Late"]
[Site "Chess.com INT"]
[Date "2022.12.06"]
[Round "5"]
[White "Marchesich, Giovanni"]
[Black "Spyropoulos, Nikolaos"]
[Result "0-1"]
[WhiteElo "2217"]
[BlackElo "2442"]
[PlyCount "124"]
[EventDate "2022.12.06"]
[EventType "swiss (blitz)"]
[EventRounds "11"]
[EventCountry "USA"]
[SourceTitle "CBM 211 Extra"]
[Source "ChessBase"]
[SourceDate "2023.01.31"]
[SourceVersion "1"]
[SourceVersionDate "2023.01.31"]
[SourceQuality "1"]

1. d4 Nf6 2. Nc3 d5 3. Bf4 c5 4. e4 e6 5. dxc5 Bxc5 6. Bb5+ Nc6 7. e5 Nd7 8. Qg4 g6 9. Nf3 h5 10. Qg3 Qa5 11. 0-0 Nd4 12. Nxd4 Bxd4 13. Bxd7+ Bxd7 14. Ne2 Bc5 15. c3 Be7 16. Nd4 h4 17. Qe3 Qd8 18. h3 g5 19. Bh2 Qb6 20. b4 0-0-0 21. a4 Kb8 22. Rfb1 Rhg8 23. f3 Rc8 24. Kh1 Rc4 25. Bg1 f5 26. a5 Qc7 27. Ne2 Bb5 28. Qxa7+ Kc8 29. Bb6 Qb8 30. Qxb8+ Kxb8 31. Nd4 Bd7 32. Rc1 Rgc8 33. Ne2 Bf8 34. Bd4 Bb5 35. Ng1 Bxb4 36. Rcb1 Rxd4 37. cxd4 Bc3 38. Ra2 Ba6 39. Rc2 Bxd4 40. Rxc8+ Kxc8 41. Rd1 Bxe5 42. Re1 Bd6 43. Rxe6 Kd7 44. Rg6 Bf4 45. Rg7+ Kc6 46. Rg6+ Kc5 47. g3 hxg3 48. Kg2 d4 49. Rf6 d3 50. Rxf5+ Kd4 51. h4 d2 52. hxg5 d1Q 53. Rxf4+ Ke5 54. Rg4 Qf1+ 55. Kh1 Be2 56. Re4+ Kf5 57. Rxe2 Kxg5 58. Rg2 Kf4 59. Rc2 Qb1 60. Rc4+ Ke3 61. Rc3+ Kf2 62. Rc1 Qh7+ 0-1

[Event "Novi Sad Serbia op-A"]
[Site "Novi Sad"]
[Date "2022.07.04"]
[Round "7"]
[White "Predke, Alexandr"]
[Black "Spyropoulos, Nikolaos"]
[Result "1/2-1/2"]
[WhiteElo "2688"]
[BlackElo "2445"]
[PlyCount "119"]
[EventDate "2022.06.28"]
[EventType "swiss"]
[EventRounds "9"]
[EventCountry "SRB"]
[SourceTitle "EXT 2023"]
[Source "ChessBase"]
[SourceDate "2022.10.05"]
[SourceVersion "1"]
[SourceVersionDate "2022.10.05"]
[SourceQuality "1"]

1. d4 Nf6 2. c4 e6 3. Nf3 Bb4+ 4. Bd2 a5 5. a3 Bxd2+ 6. Qxd2 d6 7. Nc3 Nbd7 8. e4 e5 9. 0-0-0 exd4 10. Nxd4 0-0 11. Kb1 Re8 12. f3 Ne5 13. Be2 Nfd7 14. Nd5 c6 15. Ne3 Nb6 16. h4 Qf6 17. h5 Bd7 18. h6 g6 19. Rhf1 d5 20. cxd5 cxd5 21. exd5 g5 22. Bb5 Bxb5 23. Nxb5 Nec4 24. Nxc4 Nxc4 25. Qd4 Qg6+ 26. Ka2 Ne3 27. Nc7 Nxf1 28. Rxf1 Qxh6 29. Nxa8 Rxa8 30. Qe5 Rd8 31. Rd1 Rd6 32. Rc1 Qf6 33. Qxf6 Rxf6 34. Rc8+ Kg7 35. Kb3 Rb6+ 36. Kc3 Rb5 37. d6 Rd5 38. Rb8 Rxd6 39. Rxb7 Kg6 40. b4 axb4+ 41. axb4 h5 42. Rc7 Rd1 43. Rc6+ Kf5 44. b5 Kf4 45. Rc5 f6 46. b6 Rb1 47. Rc4+ Kg3 48. Rb4 Rc1+ 49. Kd4 Rc8 50. Rb2 f5 51. Kd5 g4 52. Ke6 gxf3 53. gxf3 h4 54. Kd7 Rh8 55. b7 h3 56. b8Q+ Rxb8 57. Rxb8 Kxf3 58. Ke6 h2 59. Rh8 Kg2 60. Kxf5 1/2-1/2

[Event "Novi Sad Serbia op-A"]
[Site "Novi Sad"]
[Date "2022.07.02"]
[Round "5"]
[White "Leskur, Dejan"]
[Black "Spyropoulos, Nikolaos"]
[Result "0-1"]
[WhiteElo "2265"]
[BlackElo "2445"]
[PlyCount "82"]
[EventDate "2022.06.28"]
[EventType "swiss"]
[EventRounds "9"]
[EventCountry "SRB"]
[SourceTitle "EXT 2023"]
[Source "ChessBase"]
[SourceDate "2022.10.05"]
[SourceVersion "1"]
[SourceVersionDate "2022.10.05"]
[SourceQuality "1"]

1. d4 Nf6 2. Nf3 e6 3. Bf4 c5 4. e3 b6 5. Nbd2 Be7 6. h3 Bb7 7. c3 0-0 8. Bd3 d5 9. Ne5 Nc6 10. Qf3 Ne8 11. h4 f6 12. Qh5 f5 13. Qe2 Nf6 14. Ndf3 Bd6 15. Nxc6 Bxc6 16. Bxd6 Qxd6 17. Ne5 Nd7 18. f4 Nxe5 19. fxe5 Qe7 20. Qh5 h6 21. a3 a5 22. Qf3 Qe8 23. 0-0-0 c4 24. Bb1 b5 25. g4 b4 26. gxf5 exf5 27. axb4 axb4 28. cxb4 Ra1 29. Rhg1 Qe7 30. Rg6 Be8 31. Rg2 Qxb4 32. Rdg1 c3 33. Qxd5+ Bf7 34. Qc5 cxb2+ 35. Rxb2 Qa4 36. d5 Qa8 37. Kd2 Rd8 38. d6 Rc8 39. Qb4 Qf3 40. Qb7 Qf2+ 41. Kd3 Ra3+ 0-1

[Event "Titled Tuesday intern op 04th Jan"]
[Site "Chess.com INT"]
[Date "2022.01.04"]
[Round "2"]
[White "Spyropoulos, Nikolaos"]
[Black "Samadov, Read"]
[Result "1/2-1/2"]
[WhiteElo "2445"]
[BlackElo "2375"]
[PlyCount "136"]
[EventDate "2022.01.04"]
[EventType "swiss (blitz)"]
[EventRounds "11"]
[EventCountry "USA"]
[SourceTitle "EXT 2023"]
[Source "ChessBase"]
[SourceDate "2022.10.05"]
[SourceVersion "1"]
[SourceVersionDate "2022.10.05"]
[SourceQuality "1"]

1. d4 Nf6 2. Nf3 g6 3. Bg5 Bg7 4. Nbd2 d5 5. e3 0-0 6. Bd3 c5 7. c3 Nc6 8. 0-0 Qb6 9. Rb1 Nd7 10. Be2 e5 11. dxe5 Ndxe5 12. Nxe5 Nxe5 13. Qb3 c4 14. Qxb6 axb6 15. a3 Bf5 16. Rbd1 Bc2 17. Ra1 Bd3 18. Rfe1 Bxe2 19. Rxe2 Nd3 20. Nf3 Ra5 21. Ne1 Nc5 22. Rd1 f6 23. Bf4 Na4 24. Bd6 Rd8 25. Bb4 Raa8 26. Nf3 Kf7 27. Nd4 Rd7 28. Red2 Rad8 29. Nb5 f5 30. Nd4 Nc5 31. Bxc5 bxc5 32. Ne2 b5 33. Kf1 g5 34. f3 Ke6 35. Kf2 Rb8 36. e4 fxe4 37. fxe4 Rbd8 38. Rxd5 Rxd5 39. Rxd5 Rxd5 40. exd5+ Kxd5 41. Kf3 b4 42. a4 Be5 43. h3 h5 44. a5 Bc7 45. a6 Kc6 46. Ng3 Bxg3 47. Kxg3 Kb6 48. h4 g4 49. Kf4 Kxa6 50. Kg5 Kb5 51. Kxh5 Ka4 52. Kxg4 Kb3 53. h5 Kxb2 54. h6 bxc3 55. h7 c2 56. h8Q+ c3 57. Qb8+ Ka2 58. Qf4 Kb2 59. Qb8+ Ka2 60. Qa7+ Kb2 61. Qb6+ Ka2 62. Qa5+ Kb2 63. Qb5+ Ka1 64. Qf1+ Kb2 65. Qe2 Kb1 66. Qb5+ Ka1 67. Qa4+ Kb2 68. Qb5+ Ka1 1/2-1/2

[Event "FIDE Youth Super Final U18"]
[Site "Tornelo INT"]
[Date "2021.12.22"]
[Round "10"]
[White "Makoveev, Ilya"]
[Black "Spyropoulos, Nikolaos"]
[Result "1/2-1/2"]
[WhiteElo "2322"]
[BlackElo "2445"]
[PlyCount "23"]
[EventDate "2021.12.18"]
[EventType "tourn (rapid)"]
[EventRounds "10"]
[EventCountry "NET"]
[SourceTitle "EXT 2023"]
[Source "ChessBase"]
[SourceDate "2022.10.05"]
[SourceVersion "1"]
[SourceVersionDate "2022.10.05"]
[SourceQuality "1"]

1. c4 e6 2. Nc3 d5 3. e3 Nf6 4. Nf3 b6 5. b3 Bb7 6. Bb2 Nbd7 7. Be2 a6 8. 0-0 Bd6 9. Rc1 0-0 10. d4 Qe7 11. cxd5 exd5 12. Qc2 1/2-1/2